| 000 | 00529nam a2200169 4500 | ||
|---|---|---|---|
| 003 | NUST | ||
| 020 | _a8121939984 | ||
| 082 |
_a621.31042 _bNAV |
||
| 245 | _aElectrical machines and automatic control / | ||
| 260 |
_aNew Delhi, India _bS. Chjand & Co. Ltd. _c2012 |
||
| 300 |
_axi, 483 p. _bill. ; |
||
| 500 | _aInclude index. | ||
| 650 |
_a1. Electric machinery --Automatic control. 2. Electric machinery --Mathematical models. _9122222 |
||
| 700 |
_aNavani, J.P. _9122223 |
||
| 700 |
_aSapra, Sonal _9122224 |
||
| 942 |
_cBK _2ddc |
||
| 999 |
_c12356 _d12356 |
||